000 00453nam a2200181Ia 4500
001 4881
005 20260306145827.0
008 260306t2013||||xx |||||||||||||| ||spa||
041 _aESP
082 _a330.9856
_bJ13
100 _aJacobsen, Nils
_eAUT
245 0 _aIlusiones de la transición:
_bel altiplano peruano, 1780-1930
260 _c2013
300 _a626 pƔginas :
_c20 cm.
650 _aGEN
654 _aCAN
942 _cLIB
_dJUS
_fJUS
_2ddc
_n
999 _c4881
_d4881